Diagnostic and statistical manual of mental disorders. (Record no. 1230)

MARC details
000 -LEADER
fixed length control field 01141cam a2200277 i 4500
001 - CONTROL NUMBER
control field 393679
003 - CONTROL NUMBER IDENTIFIER
control field OSt
005 - DATE AND TIME OF LATEST TRANSACTION
control field 20150325150400.0
008 - FIXED-LENGTH DATA ELEMENTS--GENERAL INFORMATION
fixed length control field 800603s1980 dcu b 001 0 eng
010 ## - LIBRARY OF CONGRESS CONTROL NUMBER
LC control number 79055868
040 ## - CATALOGING SOURCE
Original cataloging agency DLC
Transcribing agency DLC
Modifying agency DLC
050 00 - LIBRARY OF CONGRESS CALL NUMBER
Classification number RC455.2.C4
Item number A48 1980
082 00 - DEWEY DECIMAL CLASSIFICATION NUMBER
Classification number WM 100 D591 1980
Edition number 19
245 00 - TITLE STATEMENT
Title Diagnostic and statistical manual of mental disorders.
250 ## - EDITION STATEMENT
Edition statement 3d ed.
260 ## - PUBLICATION, DISTRIBUTION, ETC. (IMPRINT)
Place of publication, distribution, etc. Washington, D.C. :
Name of publisher, distributor, etc. American Psychiatric Association,
Date of publication, distribution, etc. c1980.
300 ## - PHYSICAL DESCRIPTION
Extent 494 p. ;
Dimensions 26 cm.
500 ## - GENERAL NOTE
General note Edition of 1968 prepared by the Committee on Nomenclature and Statistics of the American Psychiatric Association.
504 ## - BIBLIOGRAPHY, ETC. NOTE
Bibliography, etc Includes bibliographical references and index.
650 #0 - SUBJECT ADDED ENTRY--TOPICAL TERM
Topical term or geographic name as entry element Mental illness
General subdivision Classification.
9 (RLIN) 3310
650 #0 - SUBJECT ADDED ENTRY--TOPICAL TERM
Topical term or geographic name as entry element Mental illness
General subdivision Diagnosis.
9 (RLIN) 3311
710 2# - ADDED ENTRY--CORPORATE NAME
Corporate name or jurisdiction name as entry element American Psychiatric Association.
Subordinate unit Task Force on Nomenclature and Statistics.
9 (RLIN) 3312
710 2# - ADDED ENTRY--CORPORATE NAME
Corporate name or jurisdiction name as entry element American Psychiatric Association.
Subordinate unit Committee on Nomenclature and Statistics.
Title of a work Diagnostic and statistical manual of mental disorders.
9 (RLIN) 3313
906 ## - LOCAL DATA ELEMENT F, LDF (RLIN)
a 7
b cbc
c orignew
d u
e ocip
f 19
g y-gencatlg
942 ## - ADDED ENTRY ELEMENTS (KOHA)
Source of classification or shelving scheme Other/Generic Classification Scheme
Koha item type Short Loan
Holdings
Withdrawn status Lost status Source of classification or shelving scheme Damaged status Not for loan Home library Current library Date acquired Source of acquisition Inventory number Total Checkouts Full call number Barcode Date last seen Price effective from Koha item type
    Other/Generic Classification Scheme     MUST Main Library MUST Main Library 25/03/2015   2967   WM 100 D591 1980 2015-0612 25/03/2015 25/03/2015 Short Loan
    Other/Generic Classification Scheme     MUST Main Library MUST Main Library 25/03/2015   2000/13846   WM 100 D591 1980 2015-0619 25/03/2015 25/03/2015 Short Loan